[Event "Baku op"]
[Site "Baku"]
[Date "2016.09.26"]
[Round "9"]
[White "Naghdiyev, Niyazi Siyavush"]
[Black "Sindarov, Javokhir"]
[Result "0-1"]
[WhiteElo "2366"]
[BlackElo "2415"]
[PlyCount "136"]
[EventDate "2016.09.18"]
[EventType "swiss"]
[EventRounds "9"]
[EventCountry "AZE"]
[SourceTitle "CBM 174 Extra"]
[Source "ChessBase"]
[SourceDate "2016.10.10"]
[SourceVersion "1"]
[SourceVersionDate "2016.10.10"]
[SourceQuality "1"]

1. d4 Nf6 2. c4 g6 3. Nf3 Bg7 4. g3 0-0 5. Bg2 d6 6. 0-0 c6 7. Nc3 Qb6 8. e4 Bg4 9. b3 e5 10. dxe5 dxe5 11. Be3 Qc7 12. c5 Rd8 13. Qc2 Na6 14. a3 Qe7 15. b4 Bxf3 16. Bxf3 Nc7 17. Rad1 Ne6 18. Ne2 h5 19. h3 Ne8 20. Qc4 N8c7 21. Bg2 h4 22. Rxd8+ Rxd8 23. f4 Bh6 24. Bc1 Nd4 25. Nxd4 Rxd4 26. Qc2 hxg3 27. Bb2 Qd8 28. Bxd4 Qxd4+ 29. Kh1 exf4 30. Rd1 Qe3 31. Qd3 Ne6 32. Bf3 Qf2 33. Rd2 g2+ 34. Bxg2 Qe1+ 35. Bf1 f3 36. Rb2 Be3 37. Kh2 Nf4 38. Qb1 Bg1+ 39. Kxg1 Ne2+ 40. Rxe2 Qxb1 41. Re3 Qb2 42. Rxf3 Qd4+ 43. Kg2 Qxe4 44. Bd3 Qd4 45. Be2 Kg7 46. Kf1 a5 47. Rb3 Qf4+ 48. Ke1 Qc1+ 49. Bd1 axb4 50. axb4 f5 51. b5 Qxc5 52. bxc6 bxc6 53. Kd2 Qd4+ 54. Rd3 Qb4+ 55. Kc2 c5 56. Rc3 Qa4+ 57. Kc1 Qf4+ 58. Kc2 Qf2+ 59. Kc1 f4 60. Rf3 Qd4 61. Kc2 c4 62. Rc3 Kf6 63. Be2 Qf2 64. Kd2 Ke5 65. Rf3 Qd4+ 66. Kc2 Qe4+ 67. Kd2 Kd4 68. Rc3 Qxe2+ 0-1

[Event "Baku op"]
[Site "Baku"]
[Date "2016.09.23"]
[Round "6"]
[White "Gadimbayli, Abdulla Azar"]
[Black "Naghdiyev, Niyazi Siyavush"]
[Result "1/2-1/2"]
[WhiteElo "2294"]
[BlackElo "2366"]
[PlyCount "119"]
[EventDate "2016.09.18"]
[EventType "swiss"]
[EventRounds "9"]
[EventCountry "AZE"]
[SourceTitle "CBM 174 Extra"]
[Source "ChessBase"]
[SourceDate "2016.10.10"]
[SourceVersion "1"]
[SourceVersionDate "2016.10.10"]
[SourceQuality "1"]

1. e4 c6 2. Nf3 d5 3. exd5 cxd5 4. Ne5 Nc6 5. d4 e6 6. Bb5 Bd7 7. Nxd7 Qxd7 8. c3 Bd6 9. 0-0 Nf6 10. Nd2 Qc7 11. g3 0-0 12. Re1 Rae8 13. f4 Qb6 14. Qb3 Re7 15. Bd3 Qxb3 16. axb3 a5 17. Nf3 Nd7 18. Ne5 Ndxe5 19. fxe5 Bc7 20. Bf4 Bb6 21. Kg2 Rc7 22. h4 Rcc8 23. Re2 Rfe8 24. h5 Bd8 25. Rf1 Na7 26. Ref2 Rf8 27. Bd2 Be7 28. c4 Nc6 29. cxd5 exd5 30. Be3 f6 31. Bf5 Rcd8 32. Be6+ Kh8 33. h6 fxe5 34. Rf7 Bf6 35. hxg7+ Bxg7 36. Rxf8+ Rxf8 37. Rxf8+ Bxf8 38. Bxd5 exd4 39. Bxc6 dxe3 40. Bxb7 Kg7 41. Kf3 Bc5 42. g4 Kf6 43. Bc6 h6 44. Bd7 Ke5 45. Bc8 Kd4 46. Ba6 Bb4 47. Ke2 Ke4 48. Bb7+ Kf4 49. Bc8 Bd2 50. Bd7 Bc1 51. b4 a4 52. Bxa4 Kxg4 53. b5 Kf4 54. b3 Ba3 55. b6 h5 56. b7 Bd6 57. Bd7 h4 58. Bc8 Bb8 59. Bd7 Ke4 60. Bh3 1/2-1/2

[Event "Poti Aleksandria Cup 11th"]
[Site "Poti"]
[Date "2016.07.20"]
[Round "9"]
[White "Naghdiyev, Niyazi Siyavush"]
[Black "Khurtsidze, Nino"]
[Result "1-0"]
[WhiteElo "2336"]
[BlackElo "2413"]
[PlyCount "107"]
[EventDate "2016.07.13"]
[EventType "swiss"]
[EventRounds "9"]
[EventCountry "GEO"]
[SourceTitle "CBM 173 Extra"]
[Source "ChessBase"]
[SourceDate "2016.08.29"]
[SourceVersion "1"]
[SourceVersionDate "2016.08.29"]
[SourceQuality "1"]

1. d4 Nf6 2. c4 e6 3. Nf3 d5 4. Nc3 Bb4 5. cxd5 exd5 6. Bg5 0-0 7. e3 h6 8. Bxf6 Qxf6 9. Qb3 Qb6 10. Bd3 c6 11. 0-0 Bd6 12. Qc2 Be6 13. Nd2 Nd7 14. f4 Nf6 15. Nf3 Rac8 16. a3 c5 17. Na4 Qa5 18. Nxc5 Bxc5 19. dxc5 Rxc5 20. Qd2 Qxd2 21. Nxd2 d4 22. e4 Ng4 23. h3 Ne3 24. Rfc1 Rxc1+ 25. Rxc1 f5 26. Rc7 fxe4 27. Bxe4 Rxf4 28. Bxb7 Nd1 29. Re7 Rf7 30. Re8+ Kh7 31. Bf3 Bd7 32. Rb8 Ne3 33. Rb4 Nc2 34. Be4+ Bf5 35. Bxc2 Bxc2 36. Rxd4 Rb7 37. b4 Ba4 38. Ne4 Re7 39. Nc3 Bc6 40. b5 Bb7 41. a4 Rc7 42. Rd3 a6 43. g3 axb5 44. axb5 Rc4 45. Kf2 Kg6 46. Ne2 Rb4 47. Rd6+ Kg5 48. h4+ Kg4 49. Rg6+ Kh3 50. b6 Rb3 51. Nd4 Rd3 52. Ne2 Rf3+ 53. Kg1 Be4 54. Rxg7 1-0

[Event "Poti Aleksandria Cup 11th"]
[Site "Poti"]
[Date "2016.07.19"]
[Round "8"]
[White "Gharibyan, Mamikon"]
[Black "Naghdiyev, Niyazi Siyavush"]
[Result "0-1"]
[WhiteElo "2131"]
[BlackElo "2336"]
[PlyCount "100"]
[EventDate "2016.07.13"]
[EventType "swiss"]
[EventRounds "9"]
[EventCountry "GEO"]
[SourceTitle "CBM 173 Extra"]
[Source "ChessBase"]
[SourceDate "2016.08.29"]
[SourceVersion "1"]
[SourceVersionDate "2016.08.29"]
[SourceQuality "1"]

1. d4 d5 2. c4 dxc4 3. e3 Nf6 4. Bxc4 e6 5. Nf3 c5 6. 0-0 Nc6 7. Nc3 a6 8. a4 cxd4 9. exd4 Be7 10. Bg5 0-0 11. Qd2 Qc7 12. Rad1 Rd8 13. Qe2 h6 14. Bh4 Nh5 15. Bxe7 Nxe7 16. Ba2 Bd7 17. Qe5 Qxe5 18. dxe5 Bc6 19. Nd4 Nf4 20. f3 Bxa4 21. Nxa4 Rxd4 22. Rxd4 Ne2+ 23. Kf2 Nxd4 24. Rd1 Ndc6 25. f4 b5 26. Nc5 a5 27. Rd7 a4 28. Bb1 b4 29. Be4 Ra5 30. Nd3 a3 31. Nxb4 a2 32. Rd1 a1Q 33. Rxa1 Rxa1 34. Bxc6 Rb1 35. Kf3 Rxb2 36. Nd3 Rb3 37. Be4 Nd5 38. Kf2 g6 39. h3 g5 40. fxg5 hxg5 41. Nc5 Rc3 42. Nd7 Rc7 43. Bxd5 Ra7 44. Ke3 Kg7 45. Bf3 Ra5 46. Kd4 Kg6 47. Bg4 Ra2 48. Bf3 Kf5 49. Bh5 Rxg2 50. Bxf7 Rh2 0-1

[Event "Poti Aleksandria Cup 11th"]
[Site "Poti"]
[Date "2016.07.13"]
[Round "1"]
[White "Suleymanli, Aydin Elshan"]
[Black "Naghdiyev, Niyazi Siyavush"]
[Result "0-1"]
[WhiteElo "2070"]
[BlackElo "2336"]
[PlyCount "30"]
[EventDate "2016.07.13"]
[EventType "swiss"]
[EventRounds "9"]
[EventCountry "GEO"]
[SourceTitle "CBM 173 Extra"]
[Source "ChessBase"]
[SourceDate "2016.08.29"]
[SourceVersion "1"]
[SourceVersionDate "2016.08.29"]
[SourceQuality "1"]

1. d4 d5 2. c4 c6 3. e3 Nf6 4. Nf3 Bf5 5. Nc3 e6 6. Qb3 Qc7 7. Nh4 Bg6 8. Nxg6 hxg6 9. g4 Nbd7 10. Bd2 Be7 11. Rc1 Qb6 12. c5 Qxb3 13. axb3 Nxg4 14. h3 Bh4 15. Ke2 Nh6 0-1

[Event "Nakhchivan op"]
[Site "Nakhchivan"]
[Date "2016.05.18"]
[Round "9"]
[White "Naghdiyev, Niyazi Siyavush"]
[Black "Enkhtuul, Altanulzii"]
[Result "1/2-1/2"]
[WhiteElo "2351"]
[BlackElo "2208"]
[PlyCount "116"]
[EventDate "2016.05.10"]
[EventType "swiss"]
[EventRounds "9"]
[EventCountry "AZE"]
[SourceTitle "EXT 2017"]
[Source "ChessBase"]
[SourceDate "2016.10.25"]
[SourceVersion "1"]
[SourceVersionDate "2016.10.25"]
[SourceQuality "1"]

1. d4 Nf6 2. c4 c5 3. d5 b5 4. cxb5 a6 5. e3 g6 6. Nc3 Bg7 7. Nf3 d6 8. a4 0-0 9. e4 axb5 10. Bxb5 Ba6 11. Bd2 Ne8 12. 0-0 Nc7 13. Qe2 Nd7 14. Bxa6 Rxa6 15. a5 Qa8 16. Na4 Re8 17. Rac1 e6 18. dxe6 Nxe6 19. Rfe1 Rb8 20. Bc3 Nd4 21. Nxd4 Bxd4 22. Rb1 Ne5 23. Qc2 Qa7 24. Nb6 Rxa5 25. Bxa5 Qxa5 26. Nc4 Nxc4 27. Qxc4 Rxb2 28. Rf1 Bxf2+ 29. Kh1 Rxb1 30. Rxb1 Bd4 31. Qd5 Be5 32. Qc4 Kg7 33. Rf1 Qc7 34. g3 Qe7 35. Kg2 Bd4 36. Qd5 Qe6 37. Qb7 h5 38. Qd5 Qe7 39. Kf3 Be5 40. h4 Qc7 41. Qc4 Qb7 42. Kg2 f5 43. Qd5 Qb2+ 44. Rf2 Qc3 45. exf5 Qxg3+ 46. Kf1 Qh3+ 47. Ke2 Qg4+ 48. Kf1 gxf5 49. Qe6 Qd1+ 50. Kg2 Qg4+ 51. Kf1 Qd1+ 52. Kg2 f4 53. Qe7+ Kg6 54. Qe6+ Kg7 55. Qe7+ Kg8 56. Qe8+ Kh7 57. Qf7+ Kh6 58. Qe6+ Kg7 1/2-1/2

[Event "Nakhchivan op"]
[Site "Nakhchivan"]
[Date "2016.05.15"]
[Round "6"]
[White "Noroozi, Omid"]
[Black "Naghdiyev, Niyazi Siyavush"]
[Result "1/2-1/2"]
[WhiteElo "2391"]
[BlackElo "2351"]
[PlyCount "103"]
[EventDate "2016.05.10"]
[EventType "swiss"]
[EventRounds "9"]
[EventCountry "AZE"]
[SourceTitle "CBM 172 Extra"]
[Source "ChessBase"]
[SourceDate "2016.06.21"]
[SourceVersion "1"]
[SourceVersionDate "2016.06.21"]
[SourceQuality "1"]

1. e4 c6 2. d4 d5 3. exd5 cxd5 4. c4 Nf6 5. Nc3 Nc6 6. Bg5 Be6 7. a3 g6 8. Nge2 Bg7 9. Nf4 Ne4 10. Nxe6 fxe6 11. Be3 Qa5 12. Rc1 Rd8 13. cxd5 Nxc3 14. bxc3 exd5 15. a4 0-0 16. Be2 e5 17. 0-0 Qc7 18. h4 Na5 19. h5 gxh5 20. dxe5 Bxe5 21. Bxh5 Kh8 22. Qg4 Nc4 23. Bg5 Rd7 24. Rce1 Rg7 25. Qh4 Qd6 26. Kh1 Rc7 27. f4 Bf6 28. Rf3 Bxg5 29. fxg5 Rcc8 30. Qd4+ Kg8 31. Bg4 Rfe8 32. Ref1 Rcd8 33. Bh5 Re5 34. Bf7+ Kh8 35. g6 Qb6 36. Qh4 h5 37. Rf5 Kg7 38. Rxe5 Nxe5 39. Qe7 Qd6 40. Qh4 Ng4 41. Qh3 Qe5 42. Qh4 Rc8 43. a5 a6 44. Kg1 Rxc3 45. Bxd5 Qxd5 46. Qe7+ Kxg6 47. Qe8+ Kg7 48. Qf8+ Kg6 49. Qe8+ Kg5 50. Qe7+ Kh6 51. Qf8+ Kg6 52. Qe8+ 1/2-1/2

[Event "Nakhchivan op"]
[Site "Nakhchivan"]
[Date "2016.05.12"]
[Round "3"]
[White "Naghdiyev, Niyazi Siyavush"]
[Black "Khalafova, Narmin Ilgar Qizi"]
[Result "1-0"]
[WhiteElo "2351"]
[BlackElo "2193"]
[PlyCount "159"]
[EventDate "2016.05.10"]
[EventType "swiss"]
[EventRounds "9"]
[EventCountry "AZE"]
[SourceTitle "CBM 172 Extra"]
[Source "ChessBase"]
[SourceDate "2016.06.21"]
[SourceVersion "1"]
[SourceVersionDate "2016.06.21"]
[SourceQuality "1"]

1. d4 d5 2. c4 c6 3. Nf3 Nf6 4. e3 e6 5. a3 dxc4 6. Bxc4 Nbd7 7. 0-0 Bd6 8. Nbd2 0-0 9. h3 b5 10. Bd3 Bb7 11. a4 a6 12. Ne4 Nxe4 13. Bxe4 f5 14. Bb1 c5 15. axb5 axb5 16. Rxa8 Bxa8 17. dxc5 Nxc5 18. b4 Ne4 19. Nd4 Nc3 20. Qb3 Qc8 21. Bb2 Nxb1 22. Rxb1 Bd5 23. Qc3 Qxc3 24. Bxc3 Bc4 25. Ra1 e5 26. Nc6 e4 27. Ra7 Rf7 28. Ra8+ Rf8 29. Ra7 Rf7 30. Ra6 Rd7 31. Be5 Bf8 32. Bd4 h6 33. Ra8 Bd5 34. Bc5 Bxc6 35. Rxf8+ Kh7 36. Rxf5 Kg6 37. Rf8 Rd1+ 38. Kh2 Rd3 39. Bd4 h5 40. Rg8 Kh6 41. Rc8 Bd5 42. Rc5 Bc4 43. Rc6+ Kh7 44. Rc7 Rd2 45. Kg3 Ra2 46. Rxg7+ Kh6 47. Re7 Ra6 48. Kh4 Ra2 49. Kg3 Ra6 50. Rc7 Bf1 51. Rc1 Bc4 52. f3 Rg6+ 53. Kf2 exf3 54. gxf3 h4 55. Ra1 Rg3 56. Be5 Rg8 57. Ra6+ Kh7 58. Bf6 Rg3 59. Bxh4 Rxh3 60. Bg3 Rh1 61. e4 Rb1 62. Bd6 Rb3 63. Bc5 Kg7 64. e5 Kf7 65. Rf6+ Kg7 66. Bf8+ Kg8 67. Kg3 Bd5 68. Kg4 Re3 69. Bd6 Kg7 70. f4 Bb3 71. f5 Bf7 72. Bf8+ Kg8 73. e6 Be8 74. Bc5 Re4+ 75. Kg5 Bc6 76. Rg6+ Kh7 77. Kf6 Rf4 78. Rg5 Rf1 79. Kf7 Kh6 80. Be3 1-0

[Event "AZE-ch 71st"]
[Site "Baku"]
[Date "2016.03.23"]
[Round "9"]
[White "Naghdiyev, Niyazi Siyavush"]
[Black "Guliev, Logman"]
[Result "1-0"]
[WhiteElo "2281"]
[BlackElo "2382"]
[PlyCount "93"]
[EventDate "2016.03.15"]
[EventType "swiss"]
[EventRounds "9"]
[EventCountry "AZE"]
[SourceTitle "CBM 171 Extra"]
[Source "ChessBase"]
[SourceDate "2016.04.26"]
[SourceVersion "1"]
[SourceVersionDate "2016.04.26"]
[SourceQuality "1"]

1. d4 Nf6 2. c4 e6 3. Nf3 Bb4+ 4. Bd2 c5 5. Bxb4 cxb4 6. g3 0-0 7. Bg2 Nc6 8. a3 bxa3 9. Rxa3 d6 10. 0-0 Re8 11. Nc3 e5 12. d5 Nb4 13. Na2 Nxa2 14. Rxa2 Qb6 15. Nd2 Qb4 16. Qc2 Bd7 17. Rfa1 a6 18. Ra3 Qc5 19. Qc3 Rac8 20. b4 Qd4 21. e3 Qxc3 22. Rxc3 e4 23. Rcc1 Rc7 24. Bf1 Rec8 25. Ra5 g6 26. Rd1 Bg4 27. Re1 Rd8 28. Rea1 Bc8 29. b5 b6 30. Rxa6 Bxa6 31. Rxa6 Rb8 32. Ra1 Kf8 33. Nb3 Rbb7 34. Ra6 Nd7 35. Nd4 Ne5 36. Ra8+ Kg7 37. Nc6 h5 38. h4 Rd7 39. Re8 f5 40. Be2 Kh7 41. Re6 Rbc7 42. Nxe5 dxe5 43. Rxb6 Kg7 44. Rc6 Kf8 45. b6 Rb7 46. d6 Rd8 47. c5 1-0

[Event "AZE-ch 71st"]
[Site "Baku"]
[Date "2016.03.16"]
[Round "2"]
[White "Rasulov, Vugar Ural Oglu"]
[Black "Naghdiyev, Niyazi Siyavush"]
[Result "1-0"]
[WhiteElo "2498"]
[BlackElo "2281"]
[PlyCount "151"]
[EventDate "2016.03.15"]
[EventType "swiss"]
[EventRounds "9"]
[EventCountry "AZE"]
[SourceTitle "CBM 171 Extra"]
[Source "ChessBase"]
[SourceDate "2016.04.26"]
[SourceVersion "1"]
[SourceVersionDate "2016.04.26"]
[SourceQuality "1"]

1. d4 d5 2. c4 c6 3. Nf3 Nf6 4. e3 Bf5 5. Nc3 e6 6. Nh4 Bg4 7. Qb3 Qc7 8. h3 Bh5 9. g4 Bg6 10. Nxg6 hxg6 11. Bg2 Nbd7 12. g5 Ng8 13. Bd2 Qb6 14. Qxb6 axb6 15. cxd5 exd5 16. e4 dxe4 17. d5 Ne7 18. dxc6 bxc6 19. Nxe4 Nf5 20. 0-0 0-0-0 21. Rac1 Nd4 22. Kh1 Ne5 23. Be3 c5 24. Rfd1 Ne6 25. Rxd8+ Kxd8 26. Kg1 Rh4 27. Rc3 Be7 28. Ra3 Nc7 29. Ra4 b5 30. Ra3 Nc4 31. Rd3+ Kc8 32. Bc1 f5 33. gxf6 gxf6 34. Rg3 g5 35. b3 Nb6 36. Bf3 Nbd5 37. Bg4+ Kb8 38. Bb2 c4 39. Rf3 Rh6 40. bxc4 bxc4 41. Nd2 f5 42. Bxf5 Rc6 43. Ne4 Ra6 44. a3 Rb6 45. Be5 Rb3 46. Rxb3+ cxb3 47. Nd2 Bxa3 48. Nxb3 Be7 49. Nd4 Bf6 50. Bxf6 Nxf6 51. Nf3 Ncd5 52. Nxg5 Kc7 53. Nf7 Ne7 54. Be6 Ng6 55. Kh2 Ne8 56. Kg3 Nd6 57. Ng5 Kd8 58. f4 Ke7 59. Kg4 Kf6 60. Ba2 Ne7 61. Bb1 Nd5 62. Be4 Ne7 63. h4 Ng8 64. Bd3 Kg7 65. f5 Kf6 66. Kf4 Nh6 67. Nh7+ Kg7 68. f6+ Kf7 69. Kg5 Ng8 70. Bg6+ Ke6 71. Nf8+ Ke5 72. Nd7+ Ke6 73. Nc5+ Ke5 74. f7 Nxf7+ 75. Bxf7 Ne7 76. h5 1-0

[Event "AZE-ch 71st"]
[Site "Baku"]
[Date "2016.03.15"]
[Round "1"]
[White "Naghdiyev, Niyazi Siyavush"]
[Black "Yagubi, Asif"]
[Result "1-0"]
[WhiteElo "2281"]
[BlackElo "2422"]
[PlyCount "21"]
[EventDate "2016.03.15"]
[EventType "swiss"]
[EventRounds "9"]
[EventCountry "AZE"]
[SourceTitle "CBM 171 Extra"]
[Source "ChessBase"]
[SourceDate "2016.04.26"]
[SourceVersion "1"]
[SourceVersionDate "2016.04.26"]
[SourceQuality "1"]

1. d4 d5 2. c4 e6 3. Nc3 Bb4 4. e3 Nf6 5. Bd2 0-0 6. Nf3 c5 7. cxd5 cxd4 8. Nxd4 exd5 9. Bd3 Nbd7 10. 0-0 Ne5 11. Be2 1-0

[Event "EU-ch U16 25th"]
[Site "Porec"]
[Date "2015.09.29"]
[Round "8"]
[White "Naghdiyev, Niyazi Siyavush"]
[Black "Janik, Igor"]
[Result "1/2-1/2"]
[WhiteElo "2216"]
[BlackElo "2387"]
[PlyCount "57"]
[EventDate "2015.09.21"]
[EventType "swiss"]
[EventRounds "9"]
[EventCountry "CRO"]
[SourceTitle "EXT 2016"]
[Source "ChessBase"]
[SourceDate "2015.10.08"]
[SourceVersion "1"]
[SourceVersionDate "2015.10.08"]
[SourceQuality "1"]

1. d4 d5 2. c4 c6 3. Nf3 Nf6 4. e3 e6 5. Nc3 Nbd7 6. Qc2 Bd6 7. b3 0-0 8. Be2 b6 9. 0-0 Bb7 10. Bb2 Qe7 11. e4 dxe4 12. Nxe4 Nxe4 13. Qxe4 Nf6 14. Qe3 c5 15. Ne5 Rad8 16. Rad1 Nd7 17. Nxd7 Rxd7 18. dxc5 Bxc5 19. Qg3 f6 20. Rxd7 Qxd7 21. Rd1 Qe7 22. Qd3 Bc6 23. Bf3 Bxf3 24. Qxf3 Rd8 25. Bc1 Rxd1+ 26. Qxd1 Qd6 27. Qxd6 Bxd6 28. a3 Kf7 29. b4 1/2-1/2

[Event "EU-ch U16 25th"]
[Site "Porec"]
[Date "2015.09.25"]
[Round "5"]
[White "Naghdiyev, Niyazi Siyavush"]
[Black "Dolana, Andrei Theodor"]
[Result "1/2-1/2"]
[WhiteElo "2216"]
[BlackElo "2332"]
[PlyCount "69"]
[EventDate "2015.09.21"]
[EventType "swiss"]
[EventRounds "9"]
[EventCountry "CRO"]
[SourceTitle "EXT 2016"]
[Source "ChessBase"]
[SourceDate "2015.10.08"]
[SourceVersion "1"]
[SourceVersionDate "2015.10.08"]
[SourceQuality "1"]

1. d4 Nf6 2. c4 e6 3. Nf3 c5 4. e3 d5 5. cxd5 exd5 6. Bb5+ Nc6 7. Ne5 Bd7 8. Nxd7 Qxd7 9. 0-0 a6 10. Bxc6 Qxc6 11. dxc5 Bxc5 12. b3 0-0 13. Bb2 Rfd8 14. Qd3 Qd6 15. Nd2 Ba3 16. Bxf6 Qxf6 17. Nf3 Rac8 18. Rad1 g6 19. Qe2 Rc5 20. Rd3 Rdc8 21. Nd4 h5 22. h3 Rc1 23. Rxc1 Rxc1+ 24. Rd1 Rxd1+ 25. Qxd1 Bc5 26. Nf3 Qf5 27. Ne1 Qe4 28. Qc2 Bb4 29. Qc8+ Kg7 30. Nc2 Bd6 31. Qc3+ Be5 32. Qd2 Bf6 33. Kf1 Qe5 34. Ke2 Qe4 35. Kf1 1/2-1/2

[Event "EU-ch U16 25th"]
[Site "Porec"]
[Date "2015.09.24"]
[Round "4"]
[White "Karpus, Michal"]
[Black "Naghdiyev, Niyazi Siyavush"]
[Result "0-1"]
[WhiteElo "2303"]
[BlackElo "2216"]
[PlyCount "134"]
[EventDate "2015.09.21"]
[EventType "swiss"]
[EventRounds "9"]
[EventCountry "CRO"]
[SourceTitle "EXT 2016"]
[Source "ChessBase"]
[SourceDate "2015.10.08"]
[SourceVersion "1"]
[SourceVersionDate "2015.10.08"]
[SourceQuality "1"]

1. e4 c6 2. d4 d5 3. Nc3 dxe4 4. Nxe4 Bf5 5. Ng3 Bg6 6. h4 h6 7. Nf3 Nd7 8. h5 Bh7 9. Bd3 Bxd3 10. Qxd3 e6 11. Bd2 Ngf6 12. 0-0-0 Be7 13. Kb1 0-0 14. Ne4 Nxe4 15. Qxe4 Nf6 16. Qe2 Qd5 17. Be3 Rfd8 18. Ne5 Bd6 19. c4 Qa5 20. f4 Ne4 21. Qc2 f5 22. g4 Qc7 23. Rhg1 c5 24. Ng6 cxd4 25. Bxd4 Bc5 26. Bxc5 Qxc5 27. gxf5 exf5 28. Rg2 Rxd1+ 29. Qxd1 Qxc4 30. Ne7+ Kh7 31. Nxf5 Nc3+ 32. bxc3 Qb5+ 33. Ka1 Qxf5 34. Qd4 Rg8 35. Qxa7 Qxf4 36. Qxb7 Qe5 37. Kb2 Kh8 38. Qf3 Rb8+ 39. Kc2 Qe1 40. Rg4 Qb1+ 41. Kd2 Rb2+ 42. Ke3 Qe1+ 43. Kd3 Rd2+ 44. Kc4 Qe6+ 45. Kc5 Qe7+ 46. Kc4 Qe6+ 47. Kc5 Qd6+ 48. Kc4 Qa6+ 49. Kc5 Qa5+ 50. Kc4 Qxa2+ 51. Kc5 Qa5+ 52. Kc4 Qa6+ 53. Kc5 Qc8+ 54. Kb5 Rd7 55. Rg6 Rb7+ 56. Rb6 Qe8+ 57. Qc6 Qxh5+ 58. Ka6 Re7 59. Rb7 Qe2+ 60. Ka7 Qe3+ 61. Ka8 Re6 62. Qc4 h5 63. Qd5 Ra6+ 64. Kb8 Qe8+ 65. Kc7 Qe7+ 66. Qd7 Qe5+ 67. Kd8 Ra8+ 0-1

[Event "EU-ch U16 25th"]
[Site "Porec"]
[Date "2015.09.23"]
[Round "3"]
[White "Plenca, Jadranko"]
[Black "Naghdiyev, Niyazi Siyavush"]
[Result "1/2-1/2"]
[WhiteElo "2366"]
[BlackElo "2216"]
[PlyCount "72"]
[EventDate "2015.09.21"]
[EventType "swiss"]
[EventRounds "9"]
[EventCountry "CRO"]
[SourceTitle "EXT 2016"]
[Source "ChessBase"]
[SourceDate "2015.10.08"]
[SourceVersion "1"]
[SourceVersionDate "2015.10.08"]
[SourceQuality "1"]

1. e4 c6 2. d4 d5 3. e5 Bf5 4. h4 h5 5. Bd3 Bxd3 6. Qxd3 e6 7. Bg5 Qb6 8. Nd2 Qa6 9. c4 Bb4 10. b3 Nd7 11. Ngf3 Ne7 12. 0-0 Nf5 13. Qc2 Be7 14. Bxe7 Kxe7 15. a4 Qb6 16. Qc3 a5 17. Rfb1 Rhb8 18. b4 axb4 19. Rxb4 Qa6 20. Rab1 b6 21. g3 Rc8 22. Ra1 Ke8 23. Qb2 Ra7 24. Rc1 c5 25. Rb5 Qxa4 26. cxd5 exd5 27. Re1 Nf8 28. Rxb6 Nxd4 29. Nxd4 cxd4 30. Rb4 Qa2 31. Qxd4 Ne6 32. Qd3 Rd7 33. Nf3 Qc2 34. Qb5 Qc3 35. Re3 Qc6 36. Qd3 g6 1/2-1/2

[Event "Moscow Dvorkovich Cup U16 10th"]
[Site "Moscow"]
[Date "2015.06.29"]
[Round "6.11"]
[White "Golubov, Saveliy"]
[Black "Naghdiyev, Niyazi Siyavush"]
[Result "1-0"]
[WhiteElo "2433"]
[BlackElo "2250"]
[PlyCount "97"]
[EventDate "2015.06.23"]
[EventType "team-tourn"]
[EventRounds "7"]
[EventCountry "RUS"]
[SourceTitle "CBM 167 Extra"]
[Source "ChessBase"]
[SourceDate "2015.09.14"]
[SourceVersion "1"]
[SourceVersionDate "2015.09.14"]
[SourceQuality "1"]
[WhiteTeam "Dvorkovich Chess Parlour (U16)"]
[BlackTeam "Azerbaijan (U16)"]
[WhiteTeamCountry "RUS"]
[BlackTeamCountry "AZE"]

1. e4 c6 2. d4 d5 3. e5 Bf5 4. Nd2 e6 5. Nb3 Nd7 6. Nf3 a6 7. Be2 c5 8. dxc5 Bxc5 9. Nxc5 Nxc5 10. 0-0 Ne7 11. Be3 Nd7 12. c4 0-0 13. Qb3 Qb8 14. Qa3 Re8 15. Qd6 Qxd6 16. exd6 Nc8 17. cxd5 exd5 18. Rfd1 Nf6 19. Nd4 Be6 20. Bf4 Rd8 21. Rac1 Nxd6 22. Rc7 Bc8 23. Bf3 Nde8 24. Rcc1 Bd7 25. Nb3 Ba4 26. g4 Bxb3 27. axb3 h6 28. h4 Rac8 29. Rxc8 Rxc8 30. g5 hxg5 31. hxg5 Ne4 32. Rxd5 Nc5 33. Be3 Ne6 34. Rd7 b5 35. g6 fxg6 36. Re7 Nf8 37. Ra7 Nf6 38. Rxa6 N8d7 39. Bd4 Kf7 40. Bc6 Rb8 41. b4 g5 42. Ra5 Nf8 43. Bxb5 Ne6 44. Be5 Rb7 45. Bc4 Rb6 46. b5 Nd7 47. Bc3 Ke7 48. Ra7 Kd6 49. Ba5 1-0

[Event "Moscow Dvorkovich Cup U16 10th"]
[Site "Moscow"]
[Date "2015.06.24"]
[Round "2.3"]
[White "Ghvamberia, Nika"]
[Black "Naghdiyev, Niyazi Siyavush"]
[Result "1/2-1/2"]
[WhiteElo "2133"]
[BlackElo "2250"]
[PlyCount "96"]
[EventDate "2015.06.23"]
[EventType "team-tourn"]
[EventRounds "7"]
[EventCountry "RUS"]
[SourceTitle "CBM 167 Extra"]
[Source "ChessBase"]
[SourceDate "2015.09.14"]
[SourceVersion "1"]
[SourceVersionDate "2015.09.14"]
[SourceQuality "1"]
[WhiteTeam "Georgia (U16)"]
[BlackTeam "Azerbaijan (U16)"]
[WhiteTeamCountry "GEO"]
[BlackTeamCountry "AZE"]

1. e4 c6 2. d4 d5 3. exd5 cxd5 4. c4 Nf6 5. Nc3 e6 6. Nf3 Bb4 7. cxd5 Nxd5 8. Qc2 Nc6 9. Bd3 h6 10. 0-0 0-0 11. a3 Ba5 12. Be3 Nce7 13. Rac1 Bd7 14. Ne4 Rc8 15. Qe2 Rxc1 16. Rxc1 Bc7 17. Ne5 Nf5 18. Nxd7 Qxd7 19. Nc5 Qd6 20. g3 Nfxe3 21. fxe3 b6 22. Ne4 Qd8 23. Nc3 Nf6 24. Qf3 Bb8 25. Bb1 Qd7 26. Rd1 Rd8 27. e4 Qc6 28. Qe2 e5 29. d5 Qd7 30. Kg2 Bd6 31. Bd3 Rc8 32. Ba6 Rxc3 33. bxc3 Qa4 34. Bd3 Qxa3 35. Qd2 a5 36. Rb1 Qc5 37. Rb5 Qc7 38. Qb2 Bc5 39. Qa2 Qd7 40. Rxc5 bxc5 41. Qxa5 c4 42. Bxc4 Qg4 43. Qa8+ Kh7 44. d6 Qd1 45. Bxf7 Qe2+ 46. Kg1 Qe1+ 47. Kg2 Qe2+ 48. Kg1 Qe1+ 1/2-1/2

[Event "EU-ch U14 24th"]
[Site "Batumi"]
[Date "2014.10.21"]
[Round "3"]
[White "Naghdiyev, Niyazi Siyavush"]
[Black "Moroni, Luca Jr"]
[Result "0-1"]
[WhiteElo "2050"]
[BlackElo "2363"]
[PlyCount "88"]
[EventDate "2014.10.19"]
[EventType "swiss"]
[EventRounds "9"]
[EventCountry "GEO"]
[SourceTitle "EXT 2015"]
[Source "ChessBase"]
[SourceDate "2014.11.20"]
[SourceVersion "1"]
[SourceVersionDate "2014.11.20"]
[SourceQuality "1"]

1. d4 d5 2. c4 e6 3. Nc3 c6 4. e3 Nf6 5. Nf3 a6 6. Qc2 c5 7. cxd5 exd5 8. Be2 Nc6 9. dxc5 Bxc5 10. 0-0 Be6 11. b3 Rc8 12. Rd1 Qe7 13. Bb2 0-0 14. Rac1 Ba7 15. Qd2 Rfe8 16. h3 Rcd8 17. Bf1 Bf5 18. Nd4 Nxd4 19. exd4 Qd6 20. Re1 Ne4 21. Nxe4 dxe4 22. Rcd1 Bg6 23. Qe3 f5 24. g3 Rf8 25. Bg2 Rde8 26. Rf1 f4 27. gxf4 Rxf4 28. Qg3 Bb8 29. Bc1 Rxf2 30. Qxd6 Rxf1+ 31. Bxf1 Bxd6 32. Bc4+ Bf7 33. Be3 b5 34. Bxf7+ Kxf7 35. Rc1 Ke6 36. Rc6 Rf8 37. Bd2 Rf6 38. Rxa6 Kd5 39. Ra5 Kxd4 40. Rxb5 e3 41. Be1 e2 42. Bf2+ Ke4 43. Rg5 Kf3 44. b4 Bh2+ 0-1